Analytical methods in structural engineering. (Record no. 547038)

000 -LEADER
fixed length control field 00575pam a2200181 4500
020 ## - INTERNATIONAL STANDARD BOOK NUMBER
International Standard Book Number 0470711302
082 00 - DEWEY DECIMAL CLASSIFICATION NUMBER
Classification number 624.18341
Author Mark RAZ
-- N-01, P-89
100 1# - MAIN ENTRY--PERSONAL NAME
Personal name Raz, Sarwar Alam.
9 (RLIN) 43235
245 10 - TITLE STATEMENT
Title Analytical methods in structural engineering.
260 ## - PUBLICATION, DISTRIBUTION, ETC.
Place of publication, distribution, etc. New York,
Name of publisher, distributor, etc. Wiley
Date of publication, distribution, etc. [1974]
300 ## - PHYSICAL DESCRIPTION
Extent x, 393 p.
Other physical details illus.
Dimensions 24 cm.
500 ## - GENERAL NOTE
General note "A Halsted Press book."
526 ## - STUDY PROGRAM INFORMATION NOTE
Program name 0
Interest level 0
Reading level 0
Title point value 624_183410000000000_RAZ
650 #0 - SUBJECT ADDED ENTRY--TOPICAL TERM
Topical term or geographic name entry element NUST / MCE
9 (RLIN) 26909
650 #0 - SUBJECT ADDED ENTRY--TOPICAL TERM
Topical term or geographic name entry element Statically indeterminate structures.
9 (RLIN) 26916
650 #0 - SUBJECT ADDED ENTRY--TOPICAL TERM
Topical term or geographic name entry element Structural analysis (Engineering)
9 (RLIN) 654
942 ## - ADDED ENTRY ELEMENTS (KOHA)
Source of classification or shelving scheme
Koha item type Book
Holdings
Withdrawn status Lost status Source of classification or shelving scheme Damaged status Not for loan Permanent Location Current Location Date acquired Total Checkouts Full call number Barcode Date last seen Date last checked out Price effective from Koha item type
          Military College of Engineering (MCE) Military College of Engineering (MCE) 06/27/2014 1 624.18341 RAZ MCE-36410 07/03/2014 07/03/2014 03/14/2021 Book
© 2023 Central Library, National University of Sciences and Technology. All Rights Reserved.